000 00609nam a2200217 a 4500
999 _c1753
_d1753
003 PK-NaQUE
005 20251010094239.0
008 250207b ||||| |||| 00| 0 eng d
020 _a0471072559 (hardcover)
020 _a9780471072553 (hardcover)
040 _cQUEST
100 1 _aAshford, Norman J.
245 1 0 _aAirport Engineering /
250 _a1St Edition.
260 _a[S.l.] :
_bJohn Wiley & Sons Inc,
_c1979.
300 _a460 p. ;
650 _aAirports--Planning
700 1 _aWright, Paul H.
856 4 0 _uhttp://10.10.170.122:8080/browse/book/5136
_yDownload eBook
942 _cBK
_2ddc